MDQL
is popping MORE tags! Check the
thread
!
Quizzes
Events
Quiz Creation
Community
Videos
Private Events
Remove Ads
Sign In
Join for FREE
Feedback
Dark Mode
Quiz Categories
Sports
Geography
Music
Movies
Television
Just For Fun
Miscellaneous
History
Literature
Language
Science
Gaming
Entertainment
Religion
Holiday
For Kids
Quiz Lab
Recent
Popular Today
Quiz Kudos Today
Editor Picks
Curator Picks
Quizzes by...
Day
Popularity
Type
Ratings
Length
Year
Community
Subscriptions
Recent Discussions
Orange Saloon
Badges
Playlists
Quests
Create
Leaderboards
Showdown
Live 5
Trivia Bingo
Activity
Puzzle Library
Sporcle Events
Private Events
Virtual Trivia
Globe League
Become a Host
Pub Owners
SporcleCon
Opinionation
Our Games
Videos
Blog
Mobile Apps
Partnerships
Remove Ads and Go Orange
Feedback
Language
Vocabulary
Begins and Ends
Definition
Spanish
French
German
Italian
Chinese
Latin
Translation
Japanese
Language
Vocabulary
Begins and Ends
Definition
Spanish
French
German
Italian
Chinese
Latin
Translation
Japanese
Random Quiz
Search Sporcle
×
Quiz Lab
Quiz Lab
Language
Sporcle
Type in answers that appear in a list
Type in answers that appear in a list
Classic
Best Score? Go Orange.
Words with SPORCLE Stats
Can you name the words that contain the letters of SPORCLE with the letters S, P, O, R, C, L and E removed?
By
Tsamporado
20m
93 Questions
5 Plays
5 Plays
5 Plays
Comments
Comments
Give Quiz Kudos
Give Quiz Kudos
-
- Ratings
hide this ad
More Info
Replay
Link that replays current quiz
Next Quiz
Link to next quiz in quiz playlist
You Got
0%
They Got
Avg Score
2%
Avg Friend Score
Upgrade to see
Score Distribution
Jump to the score distribution portion of the page
Score
0/93
Timer
20:00
0
Plays Today
Word - SPORCLE
Word + SPORCLE
% Correct
atm***h**i*a**y
atmospherically
80%
*han*******hi*
chancellorship
20%
**m*a*tm*nta*i*ati*n
compartmentalisation
20%
********nding*y
correspondingly
20%
hi***g*y*hi**
hieroglyphics
20%
*v***im**ifi*ati*n
oversimplification
20%
*v***im**ifi*ati*n*
oversimplifications
20%
***j**ti***
projectiles
20%
**hiz**h**ni*a**y
schizophrenically
20%
w**k**a***
workplaces
20%
**m*a*tm*nta*i**d
compartmentalised
0%
**m*a*tm*nta*i*ing
compartmentalising
0%
**m*i****
compilers
0%
**m***h*n*ibi*ity
comprehensibility
0%
**m***h*n*ib**
comprehensible
0%
**m***h*n*ib*y
comprehensibly
0%
**m***h*n*iv**y
comprehensively
0%
**m*****ibi*ity
compressibility
0%
**m*****ib**
compressible
0%
**m*****i*na*
compressional
0%
**nt*m***an**u**y
contemporaneously
0%
****u****
corpuscle
0%
****u*****
corpuscles
0%
**u*****
couplers
0%
**aft*******
craftspeople
0%
**y*ta***g*a*h**
crystallographer
0%
**y*ta***g*a*h***
crystallographers
0%
****t***h****i*
electrophoresis
0%
f******a**
floorspace
0%
h**i***t***
helicopters
0%
hy****h****t****a*mia
hypercholesterolaemia
0%
Word - SPORCLE
Word + SPORCLE
% Correct
in**m***h*n*ibi*ity
incomprehensibility
0%
in**m***h*n*ib**
incomprehensible
0%
in**m***h*n*ib*y
incomprehensibly
0%
in**m*****ib**
incompressible
0%
int******tiv**y
introspectively
0%
i*****im*t*i*a*
isoperimetrical
0%
**xi**g*a*h***
lexicographers
0%
mu*ti*******ing
multiprocessing
0%
mu*ti*********
multiprocessor
0%
mu*ti**********
multiprocessors
0%
n*****hi*ia**
necrophiliacs
0%
n*******i*
necropolis
0%
***t**a**
pectorals
0%
******at**
percolates
0%
******at***
percolators
0%
***i*di*a**
periodicals
0%
*****i*u*u**y
perspicuously
0%
***tina*i*u**y
pertinaciously
0%
**t***h*mi*a**
petrochemicals
0%
***i*yh**d***
policyholders
0%
***y**y*ta**in*
polycrystalline
0%
***y*a**ha*id*
polysaccharide
0%
***y*a**ha*id**
polysaccharides
0%
***t*u**i***
portcullises
0%
***ad******nt
preadolescent
0%
****a*i*u**y
precariously
0%
****i*u**y
preciously
0%
****i*it*u**y
precipitously
0%
******i*u**y
precociously
0%
***di***ti*n*
predilections
0%
*****h***
preschool
0%
Word - SPORCLE
Word + SPORCLE
% Correct
*******ab**
processable
0%
*******i*na*
processional
0%
*****aim***
proclaimers
0%
*****iviti**
proclivities
0%
******utab**
prosecutable
0%
******ut**ia*
prosecutorial
0%
*******tiv**y
prospectively
0%
***a*ita*i*ati*n
recapitalisation
0%
***i****a**
reciprocals
0%
****m*i*ati*n*
recompilations
0%
****i*ati*n*
replications
0%
****i*at***
replicators
0%
*****a*hfu*n***
reproachfulness
0%
**t******tiv**y
retrospectively
0%
***u*u**u*n***
scrupulousness
0%
****t******i*a**y
spectroscopically
0%
****u*at**
speculator
0%
****u*at***
speculators
0%
*t********i*a**y
stereoscopically
0%
*t****ty*i*a*
stereotypical
0%
*t****ty*i*a**y
stereotypically
0%
*t*at***h**i*a**y
stratospherically
0%
*t***t*****a*
streptococcal
0%
*u****i*i*u*
supercilious
0%
*u****i*i*u**y
superciliously
0%
*u****i*i*u*n***
superciliousness
0%
*u********d
supercooled
0%
*u*******ing
supercooling
0%
*u*****ni*a**y
supersonically
0%
th**m***a*ti*
thermoplastic
0%
un**m***mi*ab**
uncompromisable
0%
Quiz Playlist
Details
Report
Send in Message
Add To Playlist
More Info:
These 93 words contain all the letters in SPORCLE but have been replaced with asterisks.
Classic:
Type in answers that appear in a list
Last Updated: Feb 16, 2017
Quiz Scoreboard
CHALLENGE
Sign Up to Join the Scoreboard
Show All
Scores
Hide
Comments
May contain spoilers
Recently Published
1-10 Letter E Words III
by El_Dandy
Language
2m
Street Fighter Characters
by Artimus82
Gaming
60s
College Basketball Coaching Resumes
by pancakes188
Sports
9m
More to Explore
Quiz From the Vault
Featured Blog Post
Where Did the Easter Bunny Come From?
hide this ad
You Might Also Like...
Tags
Letter Quiz
Sporcle Quiz
Removed
Today's Top Quizzes in Language
Browse Language
hide this ad
Today's Top Quizzes in Sporcle
Browse Sporcle
Top Contributed Quizzes in Language
1
1-10 Letter F Words III
2
1-10 Letter G Words III
3
1-10 Letter H Words III
4
Celtic Nations in their Language
5
Alphabetize! : 'As' words
6
1-10 Letter I Words III
7
One Thing in Common: Italy
8
1-10 Letter J Words III
9
Order Up: Top 10 Most Native Spoken Languages
10
Weisst du, aus welchen Sprachen diese Wörter stammen?
Explore More
Trending Topics
Disney
Kpop
NBA
Harry Potter
Marvel
Crossword
Anime
Country
Song
The Office
Soccer
Pokémon
Puzzle
WWE
NFL
hide this ad
More By:
Tsamporado
Quiz
Plays
Rating
Category
Featured
Created
Click the Disney movies WITHOUT sequels
5,068
2.69
Movies
Nov 15, 2012
Figure out the lyrics - Disney
2,484
3.67
Movies
Nov 19, 2012
Deleted Disney Songs
1,484
4.25
Movies
Dec 4, 2012
Figure out the lyrics - Disney II
428
1.75
Entertainment
Dec 1, 2012
Pokemon types in What Kind of Pokemon Are You?
262
4.50
Entertainment
Sep 9, 2013
Go to Creator's Profile
Score Distribution
Quiz Creator Spotlight
Tsamporado
Follow
Send a Message
Quizzes Created
-
Created Quiz Play Count
-
More By This Creator
Popular Quizzes Today
1
Find the US States - No Outlines Minefield
2
Find the Countries of Europe - No Outlines Minefield
3
The Countries of the World
4
Find the US States
5
Risky Map Clicking: Biggest States A-Z
6
US States
7
Popular People in 1961
8
Movies - When Are They Set?
More Language Quizzes
Guess the language by its special letters
Quiz Lab
Trending Quizzes
Risky Map Clicking: Least Populous States A-Z
1-10 Letter G Words
USA Borders Longest to Shortest
1-10 Letter F Words
Countries of the World: 200 Million BC
Recently Updated
Leaping Animals
pecheneg
Reality TV Shows (A-Z)
bhenderson79
Rickey Henderson's Hall of Fame Teammates
pecheneg
Champions League XIs: Arsenal
pecheneg
Quick Pick: Celebrities in WWE's Hall of Fame
aduchscher
A-Z Keypad Blitz II
pecheneg
Multiple Oscar Actors
pecheneg
Mystery Phrase Blitz: Oscar 'Best Actors'
pecheneg
F. Scott Fitzgerald Novels
LTH
Pick 3 Villains
ddd62291
Trending Topics
Marvel
Harry Potter
Anime
Kpop
Crossword
Disney
NBA
Song
Soccer
Puzzle
Country
NFL
WWE
The Office
Pokémon
Your Account Isn't Verified!
In order to create a playlist on Sporcle, you need to verify the email address you used during registration. Go to your
Sporcle Settings
to finish the process.
Report this User
Report this user for behavior that violates our
Community Guidelines
.
Details:
Send Report
Go to the Sporcle.com Mobile Site →
Comments